Statistics for Chinese Cities: Click to Match

Click here to take the quiz!

General Stats

  • This quiz has been taken 17 times
  • The average score is 16 of 20

Answer Stats

HintAnswer% Correct
上 shàng海 hǎi
100%
武 wǔ汉 hàn
100%
北 běi京 jīng
100%
深 shēn圳 zhèn
100%
广 guǎng州 zhōu
100%
厦 xià门 mén
93%
青 qīng岛 dǎo
86%
天 tiān津 jīn
86%
重 chóng庆 qìng
86%
西 xī安 ān
79%
成 chéng都 dū
79%
长 cháng沙 shā
79%
宁 níng波 bō
71%
合 hé肥 féi
71%
开 kāi封 fēng
71%
大 dà连 lián
71%
吉 jí林 lín
71%
昆 kūn明 míng
71%
海 hǎi口 kǒu
57%
银 yín川 chuān
50%

Score Distribution

Percentile by Number Answered

Percent of People with Each Score

Your Score History

You have not taken this quiz